000 00217 a2200097 4500
001 51942
100 _aParker A P
245 _aMechanics of Fracture and Fatigue
260 _aLondon
_bSpon
_c
090 _c32792
_d32792
942 _aNUST-CAE
_cM
_c25327
999 _c287015
_d287015